Normal view
MARC view
- Md. Hafizur Rahman and Md. IIias Hossain and Sanjoy Barua
Entry Personal Name
001 - CONTROL NUMBER
- control field: 5734
003 - CONTROL NUMBER IDENTIFIER
- control field: OSt
005 - DATE AND TIME OF LATEST TRANSACTION
- control field: 20240313014336.0
008 - FIXED-LENGTH DATA ELEMENTS
- fixed length control field: 240313|| aca||aabn | a|a d
040 ## - CATALOGING SOURCE
- Original cataloging agency: OSt
100 ## - HEADING--PERSONAL NAME
- Personal name: Md. Hafizur Rahman and Md. IIias Hossain and Sanjoy Barua
